00319nam a2200121Ia 4500008004100000020001800041041001200059100002000071245005700091260002500148300000800173650001600181221030s9999 xx 000 0 und d a9780070141698 aEnglish aE. Balagurusamy 0aProgramming with JAVA : A Primercby E. Balagurusamy bTMHaNew Delhic2010 a454 aBB Computer